[Event "Berlin-ch QT"]
[Site "Berlin"]
[Date "2018.03.31"]
[Round "1"]
[White "Buttkus, Andree"]
[Black "Kliem, Helmut"]
[Result "1-0"]
[WhiteElo "2028"]
[BlackElo "1811"]
[PlyCount "61"]
[EventDate "2018.03.31"]
[EventType "swiss"]
[EventRounds "9"]
[EventCountry "GER"]
[SourceTitle "EXT 2020"]
[Source "ChessBase"]
[SourceDate "2019.10.17"]
[SourceVersion "1"]
[SourceVersionDate "2019.10.17"]
[SourceQuality "1"]

1. e4 e6 2. d4 d5 3. Nd2 dxe4 4. Nxe4 Nd7 5. Nf3 Ndf6 6. Bd3 Nxe4 7. Bxe4 Nf6 8. Bd3 Bd6 9. 0-0 0-0 10. Bg5 h6 11. Bh4 Bd7 12. Ne5 Bc6 13. Qe2 Be7 14. Nxc6 bxc6 15. Rad1 Re8 16. c4 Rb8 17. Bc2 Qc8 18. Ba4 Qa6 19. b3 Red8 20. Qf3 Nd5 21. Bg3 Nb6 22. Qxc6 Qa5 23. Qxc7 Bf6 24. Qc5 Qc3 25. Bxb8 Nxa4 26. bxa4 Rxb8 27. Qxa7 Rb4 28. d5 Qxc4 29. d6 Rxa4 30. Qb8+ Kh7 31. d7 1-0

[Event "Berlin-ch Seniors op 33rd"]
[Site "Berlin"]
[Date "2017.02.03"]
[Round "4"]
[White "Kliem, Helmut"]
[Black "Paul, Reinhart"]
[Result "1/2-1/2"]
[WhiteElo "1795"]
[BlackElo "2033"]
[PlyCount "50"]
[EventDate "2017.01.31"]
[EventType "swiss"]
[EventRounds "9"]
[EventCountry "GER"]
[SourceTitle "EXT 2019"]
[Source "ChessBase"]
[SourceDate "2018.10.10"]
[SourceVersion "1"]
[SourceVersionDate "2018.10.10"]
[SourceQuality "1"]

1. Nf3 d5 2. g3 Nf6 3. Bg2 c6 4. 0-0 Nbd7 5. d4 e6 6. b3 Bd6 7. c4 0-0 8. Bb2 Re8 9. Nc3 b6 10. Rc1 Bb7 11. Re1 Bb4 12. a3 Bxc3 13. Bxc3 Ne4 14. Bb2 Rc8 15. Nd2 Ndf6 16. f3 Nxd2 17. Qxd2 c5 18. dxc5 bxc5 19. Qf4 d4 20. Qe5 Nd7 21. Qf4 Qb6 22. b4 e5 23. Qd2 Qe6 24. b5 Nb6 25. Qc2 a5 1/2-1/2

[Event "Berlin-ch QT"]
[Site "Berlin"]
[Date "2016.03.29"]
[Round "4"]
[White "Hahlbohm, Matthias"]
[Black "Kliem, Helmut"]
[Result "1-0"]
[WhiteElo "2095"]
[BlackElo "1779"]
[PlyCount "69"]
[EventDate "2016.03.26"]
[EventType "swiss"]
[EventRounds "9"]
[EventCountry "GER"]
[SourceTitle "EXT 2022"]
[Source "ChessBase"]
[SourceDate "2021.10.06"]
[SourceVersion "1"]
[SourceVersionDate "2021.10.06"]
[SourceQuality "1"]

1. e4 c5 2. Nf3 Nc6 3. c3 Nf6 4. e5 Nd5 5. Bc4 e6 6. 0-0 Nb6 7. Bb3 d5 8. d4 Be7 9. Be3 cxd4 10. cxd4 Bd7 11. Nc3 a6 12. a3 Na5 13. Bc2 Nac4 14. Bc1 Rc8 15. Ne2 Qc7 16. Bd3 Ba4 17. b3 Bc6 18. bxc4 dxc4 19. Bc2 Bxf3 20. gxf3 Nd5 21. Nf4 b5 22. Nxd5 exd5 23. f4 Qd7 24. f5 Rc6 25. Kh1 h5 26. Rg1 Kf8 27. Qf3 Bd8 28. Qg2 Rg8 29. Qf3 Bb6 30. Be3 Qa7 31. Rad1 Qd7 32. Qxh5 a5 33. Qh7 Rc7 34. f6 g6 35. Bh6+ 1-0

[Event "Berlin-ch Seniors op 32nd"]
[Site "Berlin"]
[Date "2016.01.30"]
[Round "5"]
[White "Kliem, Helmut"]
[Black "Fleischer, Matthias"]
[Result "0-1"]
[WhiteElo "1790"]
[BlackElo "1903"]
[PlyCount "58"]
[EventDate "2016.01.26"]
[EventType "swiss"]
[EventRounds "9"]
[EventCountry "GER"]
[SourceTitle "EXT 2019"]
[Source "ChessBase"]
[SourceDate "2018.10.10"]
[SourceVersion "1"]
[SourceVersionDate "2018.10.10"]
[SourceQuality "1"]

1. Nf3 Nf6 2. g3 g6 3. Bg2 Bg7 4. 0-0 c6 5. c4 d6 6. d4 0-0 7. Nc3 Re8 8. e4 Bg4 9. Be3 Nbd7 10. h3 Bxf3 11. Bxf3 e5 12. d5 c5 13. Rb1 a6 14. b4 b6 15. Qa4 cxb4 16. Qxb4 Qc7 17. Bxb6 Nxb6 18. Qxb6 Qxc4 19. Qb4 Qc7 20. Rb3 Rab8 21. Qa3 Rxb3 22. Qxb3 Rb8 23. Qa3 Nd7 24. Rb1 Nc5 25. Rxb8+ Qxb8 26. Qa5 Qb2 27. Kg2 Qd2 28. Qd8+ Bf8 29. Nb1 Qb4 0-1

[Event "Berlin-ch qualification"]
[Site "Berlin-Lichtenrade"]
[Date "2012.04.09"]
[Round "3.15"]
[White "Kliem, Helmut"]
[Black "Gebigke, Lena"]
[Result "1-0"]
[WhiteElo "1772"]
[BlackElo "1444"]
[PlyCount "87"]
[EventDate "2012.04.08"]
[EventType "swiss"]
[EventRounds "9"]
[EventCountry "GER"]
[SourceTitle "EXT 2022"]
[Source "ChessBase"]
[SourceDate "2021.10.06"]
[SourceVersion "1"]
[SourceVersionDate "2021.10.06"]
[SourceQuality "1"]

1. e4 d6 2. d4 g6 3. Nc3 Bg7 4. Be3 Nf6 5. f3 0-0 6. Qd2 c5 7. dxc5 dxc5 8. Qxd8 Rxd8 9. Bxc5 Nc6 10. Bb5 Nd7 11. Ba3 Nd4 12. 0-0-0 e6 13. Nge2 Nxb5 14. Nxb5 Be5 15. Nd6 b6 16. Nxc8 Raxc8 17. Be7 Bc7 18. Bxd8 Rxd8 19. Rd3 Nc5 20. Rxd8+ Bxd8 21. Rd1 Bc7 22. h3 Kf8 23. b4 Na6 24. a3 Ke7 25. Nd4 Bf4+ 26. Kb2 Nb8 27. Kb3 e5 28. Nb5 Nc6 29. c3 a6 30. Nc7 a5 31. Nd5+ Ke6 32. Nxb6 axb4 33. axb4 f5 34. Nd5 Bg5 35. b5 Na5+ 36. Kb4 Nb7 37. c4 fxe4 38. fxe4 Nd6 39. b6 Bd8 40. Re1 Kd7 41. c5 Ne8 42. Kb5 Kc8 43. Kc6 Kb8 44. Kd7 1-0

[Event "Potsdam Christmas 35th"]
[Site "Potsdam"]
[Date "2010.12.29"]
[Round "6.36"]
[White "Kliem, Helmut"]
[Black "Steppan, Siegfried"]
[Result "1/2-1/2"]
[WhiteElo "1799"]
[BlackElo "1604"]
[PlyCount "83"]
[EventDate "2010.12.27"]
[EventType "swiss"]
[EventRounds "7"]
[EventCountry "GER"]
[SourceTitle "EXT 2022"]
[Source "ChessBase"]
[SourceDate "2021.10.06"]
[SourceVersion "1"]
[SourceVersionDate "2021.10.06"]
[SourceQuality "1"]

1. e4 c6 2. d3 d5 3. Nd2 e5 4. Ngf3 Bd6 5. Be2 Nf6 6. 0-0 0-0 7. Re1 Re8 8. c4 d4 9. h3 Nbd7 10. Nf1 h6 11. a3 c5 12. Ng3 Nf8 13. Bd2 b6 14. b4 Bd7 15. Nh2 Qc7 16. Ng4 N8h7 17. b5 a6 18. bxa6 Rxa6 19. Qb3 Bf8 20. Rf1 Nxg4 21. hxg4 g6 22. f4 exf4 23. Bxf4 Bd6 24. Bxd6 Qxd6 25. Kh2 Nf6 26. Qd1 Raa8 27. Qd2 Kg7 28. Qf4 Qxf4 29. Rxf4 Nh7 30. Raf1 Ng5 31. Rf6 b5 32. cxb5 Bxb5 33. Rb6 Bd7 34. Rc1 Ne6 35. Ra1 Nf4 36. Kg1 Nxe2+ 37. Nxe2 Bxg4 38. Nc1 Be6 39. Ne2 g5 40. Kf1 f5 41. Ng3 f4 42. Ne2 1/2-1/2

[Event "Potsdam Christmas 34th"]
[Site "Potsdam"]
[Date "2010.01.01"]
[Round "7.16"]
[White "Kliem, Helmut"]
[Black "Bachran, Boris"]
[Result "1/2-1/2"]
[WhiteElo "1846"]
[BlackElo "1951"]
[PlyCount "119"]
[EventDate "2009.12.27"]
[EventType "swiss"]
[EventRounds "7"]
[EventCountry "GER"]
[SourceTitle "EXT 2022"]
[Source "ChessBase"]
[SourceDate "2021.10.06"]
[SourceVersion "1"]
[SourceVersionDate "2021.10.06"]
[SourceQuality "1"]

1. e4 c5 2. Nf3 Nc6 3. d4 cxd4 4. Nxd4 e5 5. Nb5 a6 6. Nd6+ Bxd6 7. Qxd6 Qf6 8. Qd1 Qg6 9. Nc3 Nf6 10. f3 d5 11. Nxd5 Nxd5 12. Qxd5 Be6 13. Qc5 Rc8 14. Qf2 Nb4 15. c3 Nxa2 16. Bd2 Bb3 17. Bd3 0-0 18. 0-0 Rfd8 19. Bb1 Qe6 20. Be3 Rc6 21. Bxa2 Bxa2 22. Rfd1 Rcd6 23. Rxd6 Rxd6 24. h3 Bb3 25. Qe1 Qd7 26. Qg3 Rd1+ 27. Rxd1 Qxd1+ 28. Kh2 f6 29. Qg4 Qd8 30. h4 Kf7 31. h5 Be6 32. Qg3 Qd3 33. Qf2 b5 34. Qd2 Qxd2 35. Bxd2 a5 36. Kg3 Ke7 37. Kf2 Kd6 38. Be3 a4 39. g3 Bf7 40. g4 g6 41. hxg6 hxg6 42. Bb6 Be6 43. Ke2 f5 44. gxf5 gxf5 45. Bf2 fxe4 46. fxe4 Kc6 47. Bg3 Kc5 48. Bxe5 Kc4 49. Kd2 Kb3 50. Kc1 Bg8 51. Bd4 Bh7 52. e5 Bf5 53. Bc5 Kc4 54. Bd4 b4 55. Bb6 bxc3 56. bxc3 a3 57. Bd4 Kb3 58. c4 Kxc4 59. Ba1 Kd3 60. Kd1 1/2-1/2

[Event "Berlin op 04"]
[Site "Berlin"]
[Date "2006.04.20"]
[Round "6"]
[White "Welle, Bernd"]
[Black "Kliem, Helmut"]
[Result "1-0"]
[WhiteElo "1569"]
[BlackElo "1828"]
[PlyCount "73"]
[EventDate "2006.04.14"]
[EventType "swiss"]
[EventRounds "9"]
[EventCountry "GER"]
[SourceTitle "EXT 2007"]
[Source "ChessBase"]
[SourceDate "2006.11.23"]
[SourceVersion "1"]
[SourceVersionDate "2006.11.23"]
[SourceQuality "1"]

1. d4 Nf6 2. c4 e6 3. Nc3 Bb4 4. Qc2 0-0 5. a3 Bxc3+ 6. Qxc3 b6 7. Bg5 Bb7 8. Nf3 h6 9. Bh4 d6 10. e3 Nbd7 11. Bd3 c5 12. 0-0 Rc8 13. Rac1 Qe7 14. Qc2 g5 15. Bg3 Nh5 16. Qe2 Nxg3 17. hxg3 f5 18. Nh2 Nf6 19. Rfe1 Be4 20. Bxe4 Nxe4 21. Qh5 Qg7 22. g4 Rc7 23. g3 Rcf7 24. Rc2 Nf6 25. Qh3 Qg6 26. gxf5 exf5 27. Rce2 g4 28. Qg2 Ne4 29. f3 gxf3 30. Qxf3 Kh8 31. Rf1 Ng5 32. Qd5 Ne4 33. g4 Qg5 34. Rf3 cxd4 35. Qxd4+ Kh7 36. Rxf5 Qxf5 37. gxf5 1-0